000 00502nmm a2200169Ia 4500
008 251105s9999||||xx |||||||||||||||||und||
020 _a9788425229381
041 _aspa
100 _aRomero, Gimena
245 0 _aMéxico bordado :
_b De la tradición al punto contemporáneo
264 _a[Madrid, España] :
_bEditorial Gustavo Gili,
_c2017
300 _a192 páginas
490 _aGGDIY
650 _aDesign and fashion
856 _uhttps://public.digitaliapublishing.com/a/49662
942 _cCF
999 _c80327
_d80327